000 01302nam0a22002651 4500
001 rc\393300
005 20030616165452.7
035 _a(NLR Aleph) 005642845
090 _a6687758
_c6687758
100 _a20030616d1989 u |0rusy50 ca
101 0 _arus
102 _aRU
105 _ay |||||||||
200 1 _aРесурсосбережение и интенсификация производства
_eМетод. рекомендации в помощь пропагандистам по курсу "Интенсификация экономики потреб. кооперации: вопр. теории и практики"
_f[Разраб. Г.И. Башняниным и др.]
210 _aМ.
_cБ. и.
_d1989
215 _a26 с.
_d20
225 1 _aСистема производственно-экономической учебы
_fЦентросоюз СССР, Совет по произв.-экон. обучению, Центр. учеб.-метод. каб.
320 _aБиблиогр.: с. 24-25
702 1 _aБашнянин
_bГ. И.
_4570
712 0 2 _aЦентросоюз
_bСовет по произв.-экон. обучению
_3RU\NLR\AUTH\889980954
801 0 _aRU
_bNLR
_gpsbo
801 1 _aRU
_bELAR
_2rusmarc
852 _aNLR
_j89-4/6893
942 _cBOOK
980 _aNB